Tour design, marketing, and management (Бичлэгийн дугаар. 146034)
| 000 -УДИРДЛАГА | |
|---|---|
| Удирдлага | 00881nam a22002897a 4500 |
| 003 - ХЯНАЛТЫН ТОО ТОДОРХОЙЛОГЧ | |
| Код | MN-UlNUM |
| 005 - БИЧИЛТ ХИЙСЭН ОГНОО | |
| Тухайн бичилтийг бичсэн засварласан сүүлийн огноо | 20251230172111.0 |
| 008 - ЕРӨНХИЙ МЭДЭЭЛЭЛ | |
| Ерөнхий мэдээлэл | 251230s1993 njuab||| |||| 001 0 eng | |
| 020 ## - ISBN | |
| ISBN | 0132053454 |
| 040 ## - БИЧЛЭГ ҮҮСГЭГЧ БАЙГУУЛЛАГА | |
| Бичлэг үүсгэгч номын сангийн код | МУИС-ийн номын сан |
| 084 ## - ББК АНГИЛАЛ | |
| Нэмэлт тусгалт | Бусад |
| ББК ангилал | 65.290-2 |
| Зохиогчийн гурван тэмдэгт | P 78 |
| Мэдлэгийн ялгаа | 65 - Эдийн засаг |
| 100 1# - ЗОХИОГЧ | |
| Зохиогчийн нэр | Poynter, James M. |
| 245 10 - ҮНДСЭН ГАРЧИГ | |
| Номын нэр | Tour design, marketing, and management |
| Оролцогчдын тухай мэдээ | James M. Poynter. |
| 260 ## - ГАРАЛТЫН МЭДЭЭ | |
| Хэвлэгдсэн газар | Englewood Cliffs, N.J. : |
| Хэвлэлийн газар | Regents/Prentice Hall, |
| Хэвлэгдсэн он | 1993. |
| 300 ## - МАТЕРИАЛЫН ТОДОРХОЙЛОЛТ | |
| хуудасны тоо | xxii, 357 p. : |
| Бусад тоон мэдээлэл | ill. ; |
| Хэмжээ | 25 cm. |
| 500 ## - Тайлбар | |
| Дансны дугаар | БС 4783 |
| 546 ## - ХЭЛНИЙ ТУХАЙ МЭДЭЭ | |
| Хэл | Англи хэл дээр, |
| 653 ## - Түлхүүр үг | |
| Түлхүүр үг | tour guides (Persons) |
| 653 ## - Түлхүүр үг | |
| Түлхүүр үг | vocational guidance |
| 740 ## - НОМЫН ГАРЧИГ | |
| Гарчиг | The Tour Operator-Tour Manager Relationship |
| 740 ## - НОМЫН ГАРЧИГ | |
| Гарчиг | Costing and Pricing a Tour |
| 740 ## - НОМЫН ГАРЧИГ | |
| Гарчиг | One-Day Domestic Tours |
| 740 ## - НОМЫН ГАРЧИГ | |
| Гарчиг | Tour Marketing |
| 942 ## - ЭЛЕМЕНТИЙН ТӨРӨЛ | |
| Зүйлийн төрөл | Ном |
